[Event "DVM U12 2023"]
[Site "Magdeburg GER"]
[Date "2023.12.30"]
[Round "7"]
[White "Gersemann, Karl"]
[Black "Kovalyov, Dima"]
[Result "1-0"]
[Termination "normal"]
[Board "3.1"]
[WhiteElo "1520"]
[BlackElo "1665"]
[WhiteClock "00:36:50"]
[BlackClock "01:00:46"]
[WhiteTeam "TSG Oberschöneweide"]
[BlackTeam "SG Solingen"]
[PlyCount "87"]
[WhiteFideId "34602186"]
[BlackFideId "34631631"]
[EventCountry "GER"]
[EventRounds "7"]
[EventType "team-swiss"]
[EventDate "2023.12.26"]

1. e4 {[%clk 01:30:55]} {[%emt 00:00:04]} c6 {[%clk 01:30:58]} {[%emt
00:00:03]} 2. Nf3 {[%clk 01:31:16]} {[%emt 00:00:09]} d5 {[%clk 01:31:24]}
{[%emt 00:00:04]} 3. Nc3 {[%clk 01:31:30]} {[%emt 00:00:16]} dxe4 {[%clk
01:31:48]} {[%emt 00:00:07]} 4. Nxe4 {[%clk 01:31:47]} {[%emt 00:00:12]} Nf6
{[%clk 01:32:14]} {[%emt 00:00:04]} 5. Qe2 {[%clk 01:32:06]} {[%emt 00:00:09]}
Nxe4 {[%clk 01:32:39]} {[%emt 00:00:06]} 6. Qxe4 {[%clk 01:32:29]} {[%emt
00:00:07]} Nd7 {[%clk 01:33:07]} {[%emt 00:00:02]} 7. Bc4 {[%clk 01:32:46]}
{[%emt 00:00:12]} Nf6 {[%clk 01:33:30]} {[%emt 00:00:07]} 8. Qe2 {[%clk
01:33:08]} {[%emt 00:00:08]} e6 {[%clk 01:33:53]} {[%emt 00:00:07]} 9. d3
{[%clk 01:33:17]} {[%emt 00:00:20]} Bd6 {[%clk 01:34:01]} {[%emt 00:00:22]} 10.
Bd2 {[%clk 01:33:22]} {[%emt 00:00:25]} a5 {[%clk 01:33:12]} {[%emt 00:01:21]}
11. a3 {[%clk 01:33:39]} {[%emt 00:00:12]} b5 {[%clk 01:33:27]} {[%emt
00:00:15]} 12. Ba2 {[%clk 01:34:01]} {[%emt 00:00:08]} Qc7 {[%clk 01:32:54]}
{[%emt 00:01:03]} 13. h3 {[%clk 01:31:35]} {[%emt 00:02:54]} h6 {[%clk
01:31:53]} {[%emt 00:01:33]} 14. O-O-O {[%clk 01:25:29]} {[%emt 00:06:35]} Bf4
{[%clk 01:29:33]} {[%emt 00:02:49]} 15. g3 {[%clk 01:24:25]} {[%emt 00:01:36]}
Bxd2+ {[%clk 01:29:57]} {[%emt 00:00:06]} 16. Rxd2 {[%clk 01:24:08]} {[%emt
00:00:46]} Qd6 {[%clk 01:26:31]} {[%emt 00:03:58]} 17. Ne5 {[%clk 01:22:09]}
{[%emt 00:02:29]} Nd5 {[%clk 01:24:22]} {[%emt 00:02:39]} 18. c4 {[%clk
01:16:46]} {[%emt 00:05:53]} Nb6 {[%clk 01:19:56]} {[%emt 00:04:55]} 19. d4
{[%clk 01:12:19]} {[%emt 00:04:58]} bxc4 {[%clk 01:19:30]} {[%emt 00:00:56]}
20. Qf3 {[%clk 01:11:54]} {[%emt 00:00:53]} Rf8 {[%clk 01:14:12]} {[%emt
00:05:49]} 21. Bb1 {[%clk 01:06:52]} {[%emt 00:05:33]} f5 {[%clk 01:10:31]}
{[%emt 00:04:11]} 22. Qh5+ {[%clk 01:06:59]} {[%emt 00:00:23]} Kd8 {[%clk
01:09:36]} {[%emt 00:01:25]} 23. Nf7+ {[%clk 01:06:07]} {[%emt 00:01:22]} Rxf7
{[%clk 01:10:00]} {[%emt 00:00:05]} 24. Qxf7 {[%clk 01:06:28]} {[%emt
00:00:09]} c3 {[%clk 01:10:20]} {[%emt 00:00:11]} 25. Qg8+ {[%clk 01:06:47]}
{[%emt 00:00:10]} Kc7 {[%clk 01:10:35]} {[%emt 00:00:16]} 26. Qxg7+ {[%clk
01:06:47]} {[%emt 00:00:30]} Bd7 {[%clk 01:10:37]} {[%emt 00:00:29]} 27. Rc2
{[%clk 00:51:37]} {[%emt 00:15:40]} cxb2+ {[%clk 01:09:58]} {[%emt 00:01:09]}
28. Kxb2 {[%clk 00:50:04]} {[%emt 00:02:02]} Na4+ {[%clk 01:09:51]} {[%emt
00:00:38]} 29. Kc1 {[%clk 00:42:51]} {[%emt 00:07:42]} Qxa3+ {[%clk 01:07:31]}
{[%emt 00:02:51]} 30. Kd2 {[%clk 00:42:12]} {[%emt 00:01:09]} Qb4+ {[%clk
01:07:28]} {[%emt 00:00:33]} 31. Ke3 {[%clk 00:40:26]} {[%emt 00:02:16]} Nc3
{[%clk 01:05:25]} {[%emt 00:02:34]} 32. Qe5+ {[%clk 00:40:30]} {[%emt
00:00:25]} Kb7 {[%clk 01:05:47]} {[%emt 00:00:09]} 33. Qc5 {[%clk 00:40:10]}
{[%emt 00:00:48]} Nd5+ {[%clk 01:04:21]} {[%emt 00:01:57]} 34. Kf3 {[%clk
00:38:44]} {[%emt 00:01:56]} Qb3+ {[%clk 01:03:49]} {[%emt 00:01:02]} 35. Kg2
{[%clk 00:38:32]} {[%emt 00:00:41]} f4 {[%clk 01:03:56]} {[%emt 00:00:25]} 36.
Ba2 {[%clk 00:38:09]} {[%emt 00:00:54]} Qd3 {[%clk 00:59:41]} {[%emt 00:04:45]}
37. Bxd5 {[%clk 00:36:44]} {[%emt 00:01:55]} exd5 {[%clk 00:59:43]} {[%emt
00:00:28]} 38. Rb1+ {[%clk 00:36:26]} {[%emt 00:00:47]} Kc8 {[%clk 01:00:02]}
{[%emt 00:00:11]} 39. Qf8+ {[%clk 00:36:39]} {[%emt 00:00:18]} Kc7 {[%clk
01:00:27]} {[%emt 00:00:05]} 40. Qxf4+ {[%clk 00:37:00]} {[%emt 00:00:08]} Kc8
{[%clk 01:00:49]} {[%emt 00:00:07]} 41. Qf8+ {[%clk 00:36:42]} {[%emt
00:00:49]} Kc7 {[%clk 01:01:14]} {[%emt 00:00:06]} 42. Qxa8 {[%clk 00:36:58]}
{[%emt 00:00:14]} Bxh3+ {[%clk 01:01:17]} {[%emt 00:00:28]} 43. Kxh3 {[%clk
00:36:32]} {[%emt 00:00:55]} Qxc2 {[%clk 01:00:46]} {[%emt 00:01:01]} 44. Rb7+
{[%clk 00:36:50]} {[%emt 00:00:12]} 1-0

[Event "DVM U12 2023"]
[Site "Magdeburg GER"]
[Date "2023.12.30"]
[Round "7"]
[White "Meijers, Janis"]
[Black "Nguyen, Bach Khoi"]
[Result "0-1"]
[Termination "normal"]
[Board "3.2"]
[WhiteElo "1418"]
[BlackElo "1262"]
[WhiteClock "00:40:29"]
[BlackClock "00:32:58"]
[WhiteTeam "SG Solingen"]
[BlackTeam "TSG Oberschöneweide"]
[PlyCount "62"]
[WhiteFideId "34143289"]
[BlackFideId "34600256"]
[EventCountry "GER"]
[EventRounds "7"]
[EventType "team-swiss"]
[EventDate "2023.12.26"]

1. d4 {[%clk 01:30:58]} {[%emt 00:00:01]} d5 {[%clk 01:30:44]} {[%emt
00:00:16]} 2. c4 {[%clk 01:31:24]} {[%emt 00:00:04]} dxc4 {[%clk 01:29:59]}
{[%emt 00:01:15]} 3. e4 {[%clk 01:31:46]} {[%emt 00:00:08]} Nf6 {[%clk
01:30:16]} {[%emt 00:00:14]} 4. Nc3 {[%clk 01:31:17]} {[%emt 00:00:58]} e5
{[%clk 01:30:32]} {[%emt 00:00:14]} 5. Qa4+ {[%clk 01:30:41]} {[%emt 00:01:06]}
Bd7 {[%clk 01:23:26]} {[%emt 00:07:35]} 6. Qxc4 {[%clk 01:30:34]} {[%emt
00:00:36]} exd4 {[%clk 01:23:13]} {[%emt 00:00:44]} 7. Qxd4 {[%clk 01:27:44]}
{[%emt 00:03:20]} Nc6 {[%clk 01:22:35]} {[%emt 00:01:07]} 8. Qd1 {[%clk
01:27:02]} {[%emt 00:01:12]} Bb4 {[%clk 01:20:02]} {[%emt 00:03:03]} 9. Nge2
{[%clk 01:26:17]} {[%emt 00:01:15]} Nxe4 {[%clk 01:16:56]} {[%emt 00:03:37]}
10. a3 {[%clk 01:22:20]} {[%emt 00:04:27]} Qf6 {[%clk 01:15:05]} {[%emt
00:02:20]} 11. Be3 {[%clk 01:18:27]} {[%emt 00:04:23]} Nxc3 {[%clk 01:13:38]}
{[%emt 00:01:58]} 12. bxc3 {[%clk 01:16:31]} {[%emt 00:02:26]} Bxc3+ {[%clk
01:13:46]} {[%emt 00:00:22]} 13. Nxc3 {[%clk 01:16:45]} {[%emt 00:00:16]} Qxc3+
{[%clk 01:13:48]} {[%emt 00:00:28]} 14. Bd2 {[%clk 01:17:09]} {[%emt 00:00:07]}
Qe5+ {[%clk 01:13:52]} {[%emt 00:00:26]} 15. Be3 {[%clk 01:13:13]} {[%emt
00:04:26]} Rd8 {[%clk 01:11:54]} {[%emt 00:02:27]} 16. Qc1 {[%clk 01:10:33]}
{[%emt 00:03:11]} Nd4 {[%clk 01:07:12]} {[%emt 00:05:11]} 17. Bc4 {[%clk
01:08:41]} {[%emt 00:02:23]} Nc2+ {[%clk 01:07:00]} {[%emt 00:00:42]} 18. Qxc2
{[%clk 01:07:46]} {[%emt 00:01:25]} Qxa1+ {[%clk 01:07:23]} {[%emt 00:00:07]}
19. Bc1 {[%clk 01:08:08]} {[%emt 00:00:08]} Qe5+ {[%clk 01:07:00]} {[%emt
00:00:52]} 20. Be3 {[%clk 01:06:27]} {[%emt 00:02:11]} Bf5 {[%clk 01:06:57]}
{[%emt 00:00:32]} 21. Qe2 {[%clk 01:03:39]} {[%emt 00:03:19]} O-O {[%clk
01:05:02]} {[%emt 00:02:25]} 22. O-O {[%clk 01:03:14]} {[%emt 00:00:55]} Qd6
{[%clk 01:04:02]} {[%emt 00:01:30]} 23. Qb2 {[%clk 00:58:16]} {[%emt 00:05:28]}
b6 {[%clk 00:58:03]} {[%emt 00:06:30]} 24. Qc3 {[%clk 00:55:19]} {[%emt
00:03:26]} Qf6 {[%clk 00:55:24]} {[%emt 00:03:07]} 25. Qc1 {[%clk 00:52:52]}
{[%emt 00:02:57]} h6 {[%clk 00:54:19]} {[%emt 00:01:36]} 26. Ba2 {[%clk
00:48:13]} {[%emt 00:05:07]} c5 {[%clk 00:51:38]} {[%emt 00:03:12]} 27. a4
{[%clk 00:46:28]} {[%emt 00:02:16]} Qg6 {[%clk 00:41:25]} {[%emt 00:10:41]} 28.
Bf4 {[%clk 00:44:34]} {[%emt 00:02:26]} Bd3 {[%clk 00:39:00]} {[%emt 00:02:55]}
29. Re1 {[%clk 00:42:19]} {[%emt 00:02:46]} Rfe8 {[%clk 00:36:48]} {[%emt
00:02:41]} 30. Rd1 {[%clk 00:41:17]} {[%emt 00:01:27]} Be4 {[%clk 00:32:40]}
{[%emt 00:04:44]} 31. Rxd8 {[%clk 00:40:29]} {[%emt 00:01:18]} Qxg2# {[%clk
00:32:58]} {[%emt 00:00:12]} 0-1

[Event "DVM U12 2023"]
[Site "Magdeburg GER"]
[Date "2023.12.30"]
[Round "7"]
[White "Vu, Khoi Nguyen"]
[Black "Shivkumar, Shreyas"]
[Result "1-0"]
[Termination "normal"]
[Board "3.3"]
[WhiteElo "1599"]
[BlackElo "1405"]
[WhiteClock "00:58:09"]
[BlackClock "00:48:49"]
[WhiteTeam "TSG Oberschöneweide"]
[BlackTeam "SG Solingen"]
[PlyCount "45"]
[WhiteFideId "34605088"]
[BlackFideId "34638407"]
[EventCountry "GER"]
[EventRounds "7"]
[EventType "team-swiss"]
[EventDate "2023.12.26"]

1. e4 {[%clk 01:30:57]} {[%emt 00:00:02]} c6 {[%clk 01:30:50]} {[%emt
00:00:10]} 2. Nf3 {[%clk 01:30:33]} {[%emt 00:00:55]} d5 {[%clk 01:31:03]}
{[%emt 00:00:17]} 3. Nc3 {[%clk 01:30:57]} {[%emt 00:00:06]} dxe4 {[%clk
01:31:10]} {[%emt 00:00:22]} 4. Nxe4 {[%clk 01:31:20]} {[%emt 00:00:08]} Nf6
{[%clk 01:31:24]} {[%emt 00:00:16]} 5. Qe2 {[%clk 01:31:40]} {[%emt 00:00:10]}
Nxe4 {[%clk 01:31:33]} {[%emt 00:00:21]} 6. Qxe4 {[%clk 01:32:03]} {[%emt
00:00:07]} Qa5 {[%clk 01:31:29]} {[%emt 00:00:35]} 7. Bc4 {[%emt 00:13:19]} Bf5
{[%clk 01:31:24]} 8. Qe5 {[%clk 01:19:29]} {[%emt 00:00:48]} Qxe5+ {[%clk
01:31:06]} {[%emt 00:00:47]} 9. Nxe5 {[%clk 01:19:42]} {[%emt 00:00:18]} e6
{[%clk 01:30:59]} {[%emt 00:00:37]} 10. d3 {[%clk 01:19:04]} {[%emt 00:01:09]}
Nd7 {[%clk 01:28:18]} {[%emt 00:03:11]} 11. Nxd7 {[%clk 01:17:31]} {[%emt
00:02:02]} Kxd7 {[%clk 01:25:51]} {[%emt 00:02:58]} 12. Be3 {[%clk 01:16:33]}
{[%emt 00:01:27]} Bd6 {[%clk 01:23:42]} {[%emt 00:02:39]} 13. O-O-O {[%clk
01:15:09]} {[%emt 00:01:54]} a5 {[%clk 01:21:31]} {[%emt 00:02:42]} 14. a3
{[%clk 01:11:49]} {[%emt 00:03:50]} b5 {[%clk 01:19:47]} {[%emt 00:02:14]} 15.
Ba2 {[%clk 01:12:11]} {[%emt 00:00:07]} a4 {[%clk 01:18:37]} {[%emt 00:01:40]}
16. d4 {[%clk 01:03:52]} {[%emt 00:08:49]} h6 {[%clk 01:17:26]} {[%emt
00:01:41]} 17. c3 {[%clk 01:02:43]} {[%emt 00:01:39]} g5 {[%clk 01:15:27]}
{[%emt 00:02:29]} 18. Rd2 {[%clk 01:01:19]} {[%emt 00:01:54]} Bg6 {[%clk
01:13:10]} {[%emt 00:02:47]} 19. Rhd1 {[%clk 01:01:14]} {[%emt 00:00:34]} f5
{[%clk 01:11:15]} {[%emt 00:02:26]} 20. d5 {[%clk 00:58:25]} {[%emt 00:03:20]}
Rad8 {[%clk 00:49:41]} {[%emt 00:22:04]} 21. Bb6 {[%clk 00:58:03]} {[%emt
00:00:52]} Rb8 {[%clk 00:49:56]} {[%emt 00:00:15]} 22. dxc6+ {[%clk 00:58:09]}
{[%emt 00:00:24]} Kc8 {[%clk 00:48:49]} {[%emt 00:01:37]} 23. Bxe6# {[%emt
00:00:19]} 1-0

[Event "DVM U12 2023"]
[Site "Magdeburg GER"]
[Date "2023.12.30"]
[Round "7"]
[White "Meijers, Jaroslav"]
[Black "Schucht, Adrian"]
[Result "1-0"]
[Termination "normal"]
[Board "3.4"]
[WhiteElo "1104"]
[BlackElo "1392"]
[WhiteClock "01:30:30"]
[BlackClock "01:30:30"]
[WhiteTeam "SG Solingen"]
[BlackTeam "TSG Oberschöneweide"]
[PlyCount "61"]
[WhiteFideId "34143297"]
[BlackFideId "34605061"]
[EventCountry "GER"]
[EventRounds "7"]
[EventType "team-swiss"]
[EventDate "2023.12.26"]

1. d4 {[%clk 01:30:30]} d5 {[%clk 01:30:30]} 2. c4 {[%clk 01:30:30]} e6 {[%clk
01:30:30]} 3. Nc3 {[%clk 01:30:30]} Nf6 {[%clk 01:30:30]} 4. cxd5 {[%clk
01:30:30]} exd5 {[%clk 01:30:30]} 5. Bg5 {[%clk 01:30:30]} Nbd7 {[%clk
01:30:30]} 6. Nf3 {[%clk 01:30:30]} Be7 {[%clk 01:30:30]} 7. e3 {[%clk
01:30:30]} O-O {[%clk 01:30:30]} 8. Bd3 {[%clk 01:30:30]} c6 {[%clk 01:30:30]}
9. Qc2 {[%clk 01:30:30]} h6 {[%clk 01:30:30]} 10. Bh4 {[%clk 01:30:30]} Re8
{[%clk 01:30:30]} 11. O-O {[%clk 01:30:30]} Nb6 {[%clk 01:30:30]} 12. h3 {[%clk
01:30:30]} Be6 {[%clk 01:30:30]} 13. Rab1 {[%clk 01:30:30]} Qd7 {[%clk
01:30:30]} 14. Ne5 {[%clk 01:30:30]} Qc8 {[%clk 01:30:30]} 15. b4 {[%clk
01:30:30]} Bd6 {[%clk 01:30:30]} 16. Bg3 {[%clk 01:30:30]} Nh5 {[%clk
01:30:30]} 17. Bh2 {[%clk 01:30:30]} Bxe5 {[%clk 01:30:30]} 18. Bxe5 {[%clk
01:30:30]} Nc4 {[%clk 01:30:30]} 19. Bxc4 {[%clk 01:30:30]} dxc4 {[%clk
01:30:30]} 20. b5 {[%clk 01:30:30]} Nf6 {[%clk 01:30:30]} 21. Bxf6 {[%clk
01:30:30]} gxf6 {[%clk 01:30:30]} 22. Ne4 {[%clk 01:30:30]} Bf5 {[%clk
01:30:30]} 23. Nxf6+ {[%clk 01:30:30]} Kg7 {[%clk 01:30:30]} 24. Nxe8+ {[%clk
01:30:30]} Kg6 {[%clk 01:30:30]} 25. Qxc4 {[%clk 01:30:30]} Bxb1 {[%clk
01:30:30]} 26. Rxb1 {[%clk 01:30:30]} Qxe8 {[%clk 01:30:30]} 27. bxc6 {[%clk
01:30:30]} bxc6 {[%clk 01:30:30]} 28. Rc1 {[%clk 01:30:30]} Rc8 {[%clk
01:30:30]} 29. d5 {[%clk 01:30:30]} Kh7 {[%clk 01:30:30]} 30. dxc6 {[%clk
01:30:30]} Qe7 {[%clk 01:30:30]} 31. Qd3+ {[%clk 01:30:30]} 1-0

[Event "DVM U12 2023"]
[Site "Magdeburg GER"]
[Date "2023.12.30"]
[Round "7"]
[White "Ramming, Moritz"]
[Black "Kovalskyy, Alicia"]
[Result "1-0"]
[Termination "normal"]
[Board "4.1"]
[WhiteElo "1629"]
[BlackElo "1577"]
[WhiteClock "01:09:29"]
[BlackClock "00:45:33"]
[WhiteTeam "SK Kelheim 1920"]
[BlackTeam "Düsseldorfer SV 1854"]
[PlyCount "22"]
[WhiteFideId "34618198"]
[BlackFideId "34612130"]
[EventCountry "GER"]
[EventRounds "7"]
[EventType "team-swiss"]
[EventDate "2023.12.26"]

1. b3 {[%clk 01:30:22]} {[%emt 00:00:37]} d5 {[%clk 01:30:55]} {[%emt
00:00:05]} 2. e3 {[%clk 01:30:40]} {[%emt 00:00:12]} e5 {[%clk 01:30:39]}
{[%emt 00:00:46]} 3. Bb2 {[%clk 01:31:03]} {[%emt 00:00:07]} Nc6 {[%clk
01:29:05]} {[%emt 00:02:03]} 4. Bb5 {[%clk 01:31:05]} {[%emt 00:00:29]} Bd6
{[%clk 01:28:56]} {[%emt 00:00:39]} 5. f4 {[%clk 01:31:14]} {[%emt 00:00:21]}
f6 {[%clk 01:02:55]} {[%emt 00:26:30]} 6. fxe5 {[%clk 01:28:57]} {[%emt
00:02:48]} fxe5 {[%clk 00:59:52]} {[%emt 00:03:32]} 7. Qf3 {[%clk 01:22:17]}
{[%emt 00:07:10]} e4 {[%clk 00:52:44]} {[%emt 00:07:38]} 8. Qh5+ {[%clk
01:20:01]} {[%emt 00:02:45]} g6 {[%clk 00:53:05]} {[%emt 00:00:10]} 9. Qe2
{[%clk 01:19:56]} {[%emt 00:00:36]} Qh4+ {[%clk 00:45:48]} {[%emt 00:07:40]}
10. Qf2 {[%clk 01:09:12]} {[%emt 00:11:19]} Qxf2+ {[%clk 00:45:09]} {[%emt
00:01:09]} 11. Kxf2 {[%clk 01:09:29]} {[%emt 00:00:13]} Nf6 {[%clk 00:45:33]}
{[%emt 00:00:07]} 1-0

[Event "DVM U12 2023"]
[Site "Magdeburg GER"]
[Date "2023.12.30"]
[Round "7"]
[White "Teng, David"]
[Black "Sitnik, Arthur"]
[Result "0-1"]
[Termination "normal"]
[Board "4.2"]
[WhiteElo "1489"]
[BlackElo "1386"]
[WhiteClock "01:16:59"]
[BlackClock "00:43:36"]
[WhiteTeam "Düsseldorfer SV 1854"]
[BlackTeam "SK Kelheim 1920"]
[PlyCount "37"]
[WhiteFideId "34604570"]
[BlackFideId "34608150"]
[EventCountry "GER"]
[EventRounds "7"]
[EventType "team-swiss"]
[EventDate "2023.12.26"]

1. e4 {[%clk 01:30:58]} {[%emt 00:00:03]} e5 {[%clk 01:30:58]} {[%emt
00:00:01]} 2. Nf3 {[%clk 01:31:22]} {[%emt 00:00:05]} Nc6 {[%clk 01:31:25]}
{[%emt 00:00:03]} 3. Bb5 {[%clk 01:31:48]} {[%emt 00:00:03]} a6 {[%clk
01:31:51]} {[%emt 00:00:04]} 4. Ba4 {[%clk 01:31:59]} {[%emt 00:00:20]} Nf6
{[%clk 01:32:15]} {[%emt 00:00:07]} 5. O-O {[%clk 01:32:02]} {[%emt 00:00:27]}
d6 {[%clk 01:32:23]} {[%emt 00:00:21]} 6. c3 {[%clk 01:32:13]} {[%emt
00:00:18]} b5 {[%clk 01:32:17]} {[%emt 00:00:36]} 7. Bc2 {[%clk 01:32:39]}
{[%emt 00:00:04]} Bg4 {[%clk 01:32:10]} {[%emt 00:00:38]} 8. d3 {[%clk
01:32:35]} {[%emt 00:00:34]} Be7 {[%clk 01:32:03]} {[%emt 00:00:38]} 9. Nbd2
{[%clk 01:32:53]} {[%emt 00:00:10]} O-O {[%clk 01:32:02]} {[%emt 00:00:31]} 10.
Re1 {[%clk 01:32:31]} {[%emt 00:00:52]} d5 {[%clk 01:17:04]} {[%emt 00:15:28]}
11. exd5 {[%clk 01:31:47]} {[%emt 00:01:15]} Qxd5 {[%clk 01:15:45]} {[%emt
00:01:48]} 12. h3 {[%clk 01:30:01]} {[%emt 00:02:16]} Bh5 {[%clk 01:14:29]}
{[%emt 00:01:46]} 13. Nf1 {[%clk 01:29:18]} {[%emt 00:01:12]} Bxf3 {[%clk
01:03:37]} {[%emt 00:11:24]} 14. Qxf3 {[%clk 01:29:24]} {[%emt 00:00:22]} Qxf3
{[%clk 01:03:56]} {[%emt 00:00:12]} 15. gxf3 {[%clk 01:29:06]} {[%emt
00:00:48]} Rad8 {[%clk 01:02:52]} {[%emt 00:01:33]} 16. Ng3 {[%clk 01:29:04]}
{[%emt 00:00:33]} Nd5 {[%clk 00:50:08]} {[%emt 00:13:14]} 17. Nf5 {[%clk
01:22:08]} {[%emt 00:07:26]} Bf6 {[%clk 00:47:57]} {[%emt 00:02:40]} 18. Ne3
{[%clk 01:21:07]} {[%emt 00:01:30]} Nf4 {[%clk 00:43:36]} {[%emt 00:04:52]} 19.
Ng4 {[%clk 01:16:59]} {[%emt 00:04:37]} 0-1

[Event "DVM U12 2023"]
[Site "Magdeburg GER"]
[Date "2023.12.30"]
[Round "7"]
[White "Neumeier, Konstantin"]
[Black "Schmitz, Constantin"]
[Result "1/2-1/2"]
[Termination "normal"]
[Board "4.3"]
[WhiteElo "1394"]
[BlackElo "1544"]
[WhiteTeam "SK Kelheim 1920"]
[BlackTeam "Düsseldorfer SV 1854"]
[PlyCount "79"]
[WhiteFideId "34608230"]
[BlackFideId "16274660"]
[EventCountry "GER"]
[EventRounds "7"]
[EventType "team-swiss"]
[EventDate "2023.12.26"]

1. e4 {[%emt 12:47:46]} c5 {[%emt 00:00:04]} 2. c3 {[%emt 00:00:06]} d5 {[%emt
00:00:07]} 3. exd5 {[%emt 00:00:53]} Qxd5 {[%emt 00:00:04]} 4. d4 {[%emt
00:00:28]} Nc6 {[%emt 00:00:40]} 5. Nf3 {[%emt 00:00:19]} Bf5 {[%emt 00:00:41]}
6. Be3 {[%emt 00:00:24]} Bxb1 {[%emt 00:01:33]} 7. Rxb1 {[%emt 00:00:44]} cxd4
{[%emt 00:02:14]} 8. Nxd4 {[%emt 00:00:58]} Nf6 {[%emt 00:02:27]} 9. Nb5 {[%emt
00:03:50]} O-O-O {[%emt 00:02:03]} 10. Qxd5 {[%emt 00:01:56]} Nxd5 {[%emt
00:03:38]} 11. Nxa7+ {[%emt 00:01:16]} Nxa7 {[%emt 00:01:21]} 12. Bxa7 {[%emt
00:00:06]} g6 {[%emt 00:02:26]} 13. Bd4 {[%emt 00:00:26]} f6 {[%emt 00:00:17]}
14. g3 {[%emt 00:01:53]} e5 {[%emt 00:00:55]} 15. Be3 {[%emt 00:00:22]} Nxe3
{[%emt 00:00:10]} 16. fxe3 {[%emt 00:00:11]} Bc5 {[%emt 00:00:20]} 17. e4
{[%emt 00:00:35]} Rd6 {[%emt 00:00:43]} 18. Bh3+ {[%emt 00:00:35]} Kc7 {[%emt
00:00:53]} 19. Ke2 {[%emt 00:01:01]} Ra8 {[%emt 00:05:08]} 20. a3 {[%emt
00:01:01]} Ra4 {[%emt 00:02:20]} 21. Bg2 {[%emt 00:02:33]} f5 {[%emt 00:01:22]}
22. exf5 {[%emt 00:00:43]} gxf5 {[%emt 00:00:12]} 23. Rhf1 {[%emt 00:01:05]} f4
{[%emt 00:02:32]} 24. b4 {[%emt 00:02:28]} Be3 {[%emt 00:00:24]} 25. Rfd1
{[%emt 00:04:08]} Rxd1 {[%emt 00:01:19]} 26. Rxd1 {[%emt 00:02:37]} Rxa3 {[%emt
00:01:19]} 27. gxf4 {[%emt 00:03:40]} exf4 {[%emt 00:00:53]} 28. Kd3 {[%emt
00:02:23]} Ra2 {[%emt 00:00:28]} 29. Be4 {[%emt 00:03:09]} Rxh2 {[%emt
00:01:03]} 30. Rh1 {[%emt 00:01:52]} Rxh1 31. Bxh1 h5 32. Bf3 h4 33. Bg2 b6 34.
c4 Kd6 35. c5+ bxc5 36. bxc5+ Kxc5 37. Ke4 Kc4 38. Kf3 Kd4 39. Kg4 Bd2 40. Kxh4
1/2-1/2

[Event "DVM U12 2023"]
[Site "Magdeburg GER"]
[Date "2023.12.30"]
[Round "7"]
[White "Dell, Philip"]
[Black "Dauerer, Leonhard"]
[Result "0-1"]
[Termination "normal"]
[Board "4.4"]
[WhiteElo "1319"]
[BlackElo "1074"]
[WhiteTeam "Düsseldorfer SV 1854"]
[BlackTeam "SK Kelheim 1920"]
[PlyCount "35"]
[WhiteFideId "34619585"]
[BlackFideId "34640223"]
[EventCountry "GER"]
[EventRounds "7"]
[EventType "team-swiss"]
[EventDate "2023.12.26"]

1. b4 e5 2. Bb2 Bxb4 3. Bxe5 Nf6 4. Nf3 d5 5. e3 Bg4 6. c4 O-O 7. Qb3 Nc6 8.
Nc3 Bxc3 9. Qxc3 Nxe5 10. Nxe5 Re8 11. d4 Ne4 12. Qb3 c6 13. Qb4 Re6 14. Bd3 c5
15. Qa4 cxd4 16. exd4 dxc4 17. Bxe4 Qxd4 18. O-O {Ab Zug 18 nicht mehr
nachvollziehbar} 0-1

[Event "DVM U12 2023"]
[Site "Magdeburg GER"]
[Date "2023.12.30"]
[Round "7"]
[White "Vu, Hoang Bach"]
[Black "Mandalka, Justus"]
[Result "1-0"]
[Termination "normal"]
[Board "5.1"]
[WhiteElo "1230"]
[BlackElo "1775"]
[BlackClock "01:30:30"]
[WhiteTeam "SC Borussia Lichtenberg"]
[BlackTeam "SK Bad Homburg 1927"]
[PlyCount "113"]
[WhiteFideId "12436992"]
[BlackFideId "16298144"]
[EventCountry "GER"]
[EventRounds "7"]
[EventType "team-swiss"]
[EventDate "2023.12.26"]

1. c4 c5 {[%clk 01:30:30]} 2. Nf3 Nc6 {[%clk 01:30:30]} 3. d4 cxd4 {[%clk
01:30:30]} 4. Nxd4 Nf6 {[%clk 01:30:30]} 5. g3 g6 {[%clk 01:30:30]} 6. Bg2 Bg7
{[%clk 01:30:30]} 7. Nc3 O-O {[%clk 01:30:30]} 8. O-O Qc7 {[%clk 01:30:30]} 9.
b3 d6 {[%clk 01:30:30]} 10. Bb2 Bd7 {[%clk 01:30:30]} 11. Qd2 Nxd4 {[%clk
01:30:30]} 12. Qxd4 Bc6 {[%clk 01:30:30]} 13. Nd5 Bxd5 {[%clk 01:30:30]} 14.
Bxd5 e6 {[%clk 01:30:30]} 15. Bg2 Nh5 {[%clk 01:30:30]} 16. Qd2 Rfd8 {[%clk
01:30:30]} 17. Rac1 Bxb2 {[%clk 01:30:30]} 18. Qxb2 Rac8 {[%clk 01:30:30]} 19.
Rfd1 Ng7 {[%clk 01:30:30]} 20. Rd3 b5 {[%clk 01:30:30]} 21. Rdc3 b4 {[%clk
01:30:30]} 22. Rd3 d5 {[%clk 01:30:30]} 23. Qd2 a5 {[%clk 01:30:30]} 24. Rd1
Re8 {[%clk 01:30:30]} 25. cxd5 exd5 {[%clk 01:30:30]} 26. Bxd5 Nf5 {[%clk
01:30:30]} 27. Bc4 Re7 {[%clk 01:30:30]} 28. Rd7 Qe5 {[%clk 01:30:30]} 29. Qd5
Qxd5 {[%clk 01:30:30]} 30. R1xd5 Ra8 {[%clk 01:30:30]} 31. Rxe7 Nxe7 {[%clk
01:30:30]} 32. Rd7 Kf8 {[%clk 01:30:30]} 33. Bd5 Rc8 {[%clk 01:30:30]} 34. Bc4
Rc5 {[%clk 01:30:30]} 35. Kg2 h5 {[%clk 01:30:30]} 36. f4 Ke8 {[%clk 01:30:30]}
37. Rd2 Nf5 {[%clk 01:30:30]} 38. Kf3 Ke7 {[%clk 01:30:30]} 39. Ke4 Nd6+ {[%clk
01:30:30]} 40. Kd4 Nxc4 {[%clk 01:30:30]} 41. bxc4 Kd6 {[%clk 01:30:30]} 42. e4
Kc6 {[%clk 01:30:30]} 43. h3 Kb6 {[%clk 01:30:30]} 44. g4 Kc6 {[%clk 01:30:30]}
45. f5 hxg4 {[%clk 01:30:30]} 46. hxg4 gxf5 {[%clk 01:30:30]} 47. gxf5 f6
{[%clk 01:30:30]} 48. Rg2 Kb6 {[%clk 01:30:30]} 49. Rg8 Rc7 {[%clk 01:30:30]}
50. Rd8 Rc6 {[%clk 01:30:30]} 51. Rd5 Rc7 {[%clk 01:30:30]} 52. Rd6+ Rc6 {[%clk
01:30:30]} 53. c5+ Kb5 {[%clk 01:30:30]} 54. Rxc6 Kxc6 {[%clk 01:30:30]} 55.
Kc4 a4 {[%clk 01:30:30]} 56. Kxb4 a3 {[%clk 01:30:30]} 57. Kc4 1-0